Circle Line Stations - Statistics

General Stats
  • This quiz has been taken 536 times
  • The average score is 25 of 35
Answer Stats
Station % Correct
Paddington
86%
Liverpool Street
85%
Embankment
84%
King's Cross St Pancras
84%
Edgware Road
82%
Victoria
82%
South Kensington
81%
Barbican
80%
Blackfriars
78%
Farringdon
78%
Westminster
78%
Temple
77%
Euston Square
76%
Moorgate
76%
Sloane Square
76%
Baker Street
75%
Great Portland Street
75%
Hammersmith
75%
High Street Kensington
74%
Monument
74%
Tower Hill
74%
Mansion House
73%
Bayswater
72%
Gloucester Road
72%
Notting Hill Gate
72%
St James's Park
72%
Cannon Street
70%
Aldgate East
68%
Ladbroke Grove
61%
Goldhawk Road
59%
Latimer Road
58%
Royal Oak
57%
Shepherd's Bush Market
57%
Wood Lane
54%
Westbourne Park
50%
No matching quizzes found
Score Distribution
Percent of People with Each Score
Percentile by Number Answered
Your Score History
You have not taken this quiz